000
00295nam a2200133Ia 4500
100
_a
Walavalkar/ Y.N.
942
_c
BK
654
_a
radio
245
_a
Fundamentals of Strength of Materials
260
_b
Everest Pub
_a
New Jersey
_c
1993
300
_a
386
546
_a
ENGLISH
999
_c
28366
_d
28366